<?xml version="1.0" encoding="UTF-8"?>
<record
    xmlns:xsi="http://www.w3.org/2001/XMLSchema-instance"
    xsi:schemaLocation="http://www.loc.gov/MARC21/slim http://www.loc.gov/standards/marcxml/schema/MARC21slim.xsd"
    xmlns="http://www.loc.gov/MARC21/slim">

  <leader>03382nam a2200745   4500</leader>
  <controlfield tag="001">32735</controlfield>
  <controlfield tag="003">AR-RoBPED</controlfield>
  <controlfield tag="005">20260512173414.0</controlfield>
  <controlfield tag="008">260508s1968    ag|abhd| |||| 001 0 spa |</controlfield>
  <datafield tag="040" ind1=" " ind2=" ">
    <subfield code="a">AR-RoBPED</subfield>
  </datafield>
  <datafield tag="041" ind1=" " ind2=" ">
    <subfield code="a">spa</subfield>
  </datafield>
  <datafield tag="100" ind1="1" ind2=" ">
    <subfield code="a">Levillier, Roberto</subfield>
    <subfield code="d">1886-1969</subfield>
    <subfield code="9">7349</subfield>
    <subfield code="e">dir.</subfield>
  </datafield>
  <datafield tag="245" ind1="1" ind2="0">
    <subfield code="a">Historia argentina / </subfield>
    <subfield code="c">Direcci&#xF3;n de Roberto Levillier ; explicaci&#xF3;n editorial de Jos&#xE9; Ignacio Ramos</subfield>
  </datafield>
  <datafield tag="260" ind1=" " ind2=" ">
    <subfield code="a">Buenos Aires : </subfield>
    <subfield code="b">Plaza &amp; Janes, </subfield>
    <subfield code="c">1968.</subfield>
  </datafield>
  <datafield tag="300" ind1=" " ind2=" ">
    <subfield code="a">5 v : </subfield>
    <subfield code="b">il., map., gr&#xE1;f., facs.</subfield>
  </datafield>
  <datafield tag="490" ind1="0" ind2=" ">
    <subfield code="a">Colecci&#xF3;n Historia de los pueblos de Am&#xE9;rica</subfield>
  </datafield>
  <datafield tag="505" ind1="0" ind2=" ">
    <subfield code="a">v.1: Libro 1: </subfield>
  </datafield>
  <datafield tag="505" ind1="0" ind2=" ">
    <subfield code="a">El &#xE1;mbito territorial.</subfield>
  </datafield>
  <datafield tag="505" ind1="0" ind2=" ">
    <subfield code="a">Modalidades y naturaleza de los abor&#xED;genes.</subfield>
  </datafield>
  <datafield tag="505" ind1="0" ind2=" ">
    <subfield code="a">Libro 2: </subfield>
  </datafield>
  <datafield tag="505" ind1="0" ind2=" ">
    <subfield code="a">Descubrimientos mar&#xED;timos.</subfield>
  </datafield>
  <datafield tag="505" ind1="0" ind2=" ">
    <subfield code="a">v.2: Libro 3: </subfield>
  </datafield>
  <datafield tag="505" ind1="0" ind2=" ">
    <subfield code="a">Creaci&#xF3;n de gobernaciones y ciudades en la Argentina.</subfield>
  </datafield>
  <datafield tag="505" ind1="0" ind2=" ">
    <subfield code="a">El virreinato del Per&#xFA; y Chile (1534-1573).</subfield>
  </datafield>
  <datafield tag="505" ind1="0" ind2=" ">
    <subfield code="a">Libro 3: </subfield>
  </datafield>
  <datafield tag="505" ind1="0" ind2=" ">
    <subfield code="a">Continuaci&#xF3;n.</subfield>
  </datafield>
  <datafield tag="505" ind1="0" ind2=" ">
    <subfield code="a">Libro 4: </subfield>
  </datafield>
  <datafield tag="505" ind1="0" ind2=" ">
    <subfield code="a">Organizaci&#xF3;n pol&#xED;tica, jur&#xED;dica, administrativa y religiosa.</subfield>
  </datafield>
  <datafield tag="505" ind1="0" ind2=" ">
    <subfield code="a">Libro 5: </subfield>
  </datafield>
  <datafield tag="505" ind1="0" ind2=" ">
    <subfield code="a">Formas de civilizaci&#xF3;n. </subfield>
  </datafield>
  <datafield tag="505" ind1="0" ind2=" ">
    <subfield code="a">Libro 6: </subfield>
  </datafield>
  <datafield tag="505" ind1="0" ind2=" ">
    <subfield code="a">El afianzamiento de la Revoluci&#xF3;n (1810-1819).</subfield>
  </datafield>
  <datafield tag="505" ind1="0" ind2=" ">
    <subfield code="a">Libro 7: </subfield>
  </datafield>
  <datafield tag="505" ind1="0" ind2=" ">
    <subfield code="a">Luchas por la Independencia (1814-1824).</subfield>
  </datafield>
  <datafield tag="505" ind1="0" ind2=" ">
    <subfield code="a">Libro 8: </subfield>
  </datafield>
  <datafield tag="505" ind1="0" ind2=" ">
    <subfield code="a">Luchas por el poder.</subfield>
  </datafield>
  <datafield tag="505" ind1="0" ind2=" ">
    <subfield code="a">Entre ide&#xF3;logos y entre caudillos y federales.</subfield>
  </datafield>
  <datafield tag="505" ind1="0" ind2=" ">
    <subfield code="a">v.3: </subfield>
  </datafield>
  <datafield tag="505" ind1="0" ind2=" ">
    <subfield code="a">Las castas de la vida de las gobernaciones del virreinato . Importancia de cada sangre en la fusi&#xF3;n &#xE9;tnica hasta 1810.</subfield>
  </datafield>
  <datafield tag="505" ind1="0" ind2=" ">
    <subfield code="a">La arquitectura colonial y las artes en las gobernaciones de Tucum&#xE1;n, Cuyo y R&#xED;o de La Plata en la &#xE9;poca colonial.</subfield>
  </datafield>
  <datafield tag="505" ind1="0" ind2=" ">
    <subfield code="a">R&#xE9;gimen monetario en el per&#xED;odo colonial.</subfield>
  </datafield>
  <datafield tag="505" ind1="0" ind2=" ">
    <subfield code="a">Ciudades y pueblos principales fundados hasta 1810.</subfield>
  </datafield>
  <datafield tag="505" ind1="0" ind2=" ">
    <subfield code="a">Obra de los gobiernos patrios desde la expulsi&#xF3;n del Virrey y la audiencia hasta el Directorio de Pueyrred&#xF3;n. Artes, ciencias y letras en se per&#xED;odo.</subfield>
  </datafield>
  <datafield tag="505" ind1="0" ind2=" ">
    <subfield code="a">Extensi&#xF3;n de la revoluci&#xF3;n: campa&#xF1;as militares (1810-1818).</subfield>
  </datafield>
  <datafield tag="505" ind1="0" ind2=" ">
    <subfield code="a">La revoluci&#xF3;n y la legitimidad del poder.</subfield>
  </datafield>
  <datafield tag="505" ind1="0" ind2=" ">
    <subfield code="a">Plan continental y campa&#xF1;a libertadora de San Mart&#xED;n en Chile.</subfield>
  </datafield>
  <datafield tag="505" ind1="0" ind2=" ">
    <subfield code="a">La batalla de la frontera norte. San Mart&#xED;n y la t&#xE1;ctica de G&#xFC;emes. Invasiones realistas. Muerte de G&#xFC;emes (1810-1821).</subfield>
  </datafield>
  <datafield tag="505" ind1="0" ind2=" ">
    <subfield code="a">Continuaci&#xF3;n de la campa&#xF1;a de independencia del Per&#xFA; hasta el regreso de San Mart&#xED;n a Buenos Aires.</subfield>
  </datafield>
  <datafield tag="505" ind1="0" ind2=" ">
    <subfield code="a">La batalla de la frontera norte (1821-1825).</subfield>
  </datafield>
  <datafield tag="505" ind1="0" ind2=" ">
    <subfield code="a">Los gobiernos patrios, los caudillos y la anarqu&#xED;a (1819-1829).</subfield>
  </datafield>
  <datafield tag="505" ind1="0" ind2=" ">
    <subfield code="a">Persistencia de la anarqu&#xED;a y primer gobierno de Rosas (1829-1832) y los de Balcarce Viamonte y Maza (1832-1834). Segundo gobierno de Rosas (1835-1852).</subfield>
  </datafield>
  <datafield tag="505" ind1="0" ind2=" ">
    <subfield code="a">v.4: Libro 8: </subfield>
  </datafield>
  <datafield tag="505" ind1="0" ind2=" ">
    <subfield code="a">Continuaci&#xF3;n. </subfield>
  </datafield>
  <datafield tag="505" ind1="0" ind2=" ">
    <subfield code="a">Libro 9: </subfield>
  </datafield>
  <datafield tag="505" ind1="0" ind2=" ">
    <subfield code="a">R&#xE9;gimen de gobierno presidencial.</subfield>
  </datafield>
  <datafield tag="505" ind1="0" ind2=" ">
    <subfield code="a">v.5: Libro 10: </subfield>
  </datafield>
  <datafield tag="505" ind1="0" ind2=" ">
    <subfield code="a">Aspectos de la evoluci&#xF3;n social y econ&#xF3;mica.</subfield>
  </datafield>
  <datafield tag="505" ind1="0" ind2=" ">
    <subfield code="a">Libro 11: </subfield>
  </datafield>
  <datafield tag="505" ind1="0" ind2=" ">
    <subfield code="a">Cultura, ciencias artes y letras.</subfield>
  </datafield>
  <datafield tag="650" ind1=" " ind2="4">
    <subfield code="a">HISTORIA</subfield>
    <subfield code="9">125</subfield>
  </datafield>
  <datafield tag="651" ind1=" " ind2="0">
    <subfield code="a">Argentina</subfield>
  </datafield>
  <datafield tag="700" ind1="1" ind2=" ">
    <subfield code="a">Ramos, Jos&#xE9; Ignacio</subfield>
    <subfield code="9">30916</subfield>
    <subfield code="e">not.</subfield>
  </datafield>
  <datafield tag="942" ind1=" " ind2=" ">
    <subfield code="2">udc</subfield>
    <subfield code="a">k. 32735</subfield>
    <subfield code="c">BK</subfield>
    <subfield code="h">982</subfield>
    <subfield code="k">D</subfield>
    <subfield code="m">L 54</subfield>
    <subfield code="p">Inv. 4451-4452-4453-4454-4455-4456</subfield>
  </datafield>
  <datafield tag="945" ind1=" " ind2=" ">
    <subfield code="a">ag 08/05/2026</subfield>
  </datafield>
  <datafield tag="952" ind1=" " ind2=" ">
    <subfield code="0">0</subfield>
    <subfield code="1">0</subfield>
    <subfield code="2">udc</subfield>
    <subfield code="4">0</subfield>
    <subfield code="7">1</subfield>
    <subfield code="a">BPED</subfield>
    <subfield code="b">BPED</subfield>
    <subfield code="d">1971-11-17</subfield>
    <subfield code="l">0</subfield>
    <subfield code="o">D 982 L 54  t.1</subfield>
    <subfield code="p">4451</subfield>
    <subfield code="r">2026-05-08 16:45:04</subfield>
    <subfield code="w">2026-05-08</subfield>
    <subfield code="y">BK</subfield>
    <subfield code="z">No se presta a domicilio</subfield>
  </datafield>
  <datafield tag="952" ind1=" " ind2=" ">
    <subfield code="0">0</subfield>
    <subfield code="1">0</subfield>
    <subfield code="2">udc</subfield>
    <subfield code="4">0</subfield>
    <subfield code="7">1</subfield>
    <subfield code="a">BPED</subfield>
    <subfield code="b">BPED</subfield>
    <subfield code="d">1971-11-17</subfield>
    <subfield code="l">0</subfield>
    <subfield code="o">D 982 L 54</subfield>
    <subfield code="p">4452  t.2</subfield>
    <subfield code="r">2026-05-08 16:45:48</subfield>
    <subfield code="w">2026-05-08</subfield>
    <subfield code="y">BK</subfield>
    <subfield code="z">No se presta a domicilio</subfield>
  </datafield>
  <datafield tag="952" ind1=" " ind2=" ">
    <subfield code="0">0</subfield>
    <subfield code="1">0</subfield>
    <subfield code="2">udc</subfield>
    <subfield code="4">0</subfield>
    <subfield code="7">1</subfield>
    <subfield code="a">BPED</subfield>
    <subfield code="b">BPED</subfield>
    <subfield code="d">1971-11-17</subfield>
    <subfield code="l">0</subfield>
    <subfield code="o">D 982 L 54  t.3</subfield>
    <subfield code="p">4453</subfield>
    <subfield code="r">2026-05-08 16:47:01</subfield>
    <subfield code="w">2026-05-08</subfield>
    <subfield code="y">BK</subfield>
    <subfield code="z">No se &#xB4;presta a domicilio</subfield>
  </datafield>
  <datafield tag="952" ind1=" " ind2=" ">
    <subfield code="0">0</subfield>
    <subfield code="1">0</subfield>
    <subfield code="2">udc</subfield>
    <subfield code="4">0</subfield>
    <subfield code="7">1</subfield>
    <subfield code="a">BPED</subfield>
    <subfield code="b">BPED</subfield>
    <subfield code="d">1971-11-17</subfield>
    <subfield code="l">0</subfield>
    <subfield code="o">D 982 L 54  t.4</subfield>
    <subfield code="p">4454</subfield>
    <subfield code="r">2026-05-08 16:47:50</subfield>
    <subfield code="w">2026-05-08</subfield>
    <subfield code="y">BK</subfield>
    <subfield code="z">No se presta a domicilio</subfield>
  </datafield>
  <datafield tag="952" ind1=" " ind2=" ">
    <subfield code="0">0</subfield>
    <subfield code="1">0</subfield>
    <subfield code="2">udc</subfield>
    <subfield code="4">0</subfield>
    <subfield code="7">1</subfield>
    <subfield code="a">BPED</subfield>
    <subfield code="b">BPED</subfield>
    <subfield code="d">1971-11-17</subfield>
    <subfield code="l">0</subfield>
    <subfield code="o">D 982 L 54  t.5</subfield>
    <subfield code="p">4455</subfield>
    <subfield code="r">2026-05-08 16:48:36</subfield>
    <subfield code="w">2026-05-08</subfield>
    <subfield code="y">BK</subfield>
    <subfield code="z">No se presta a domicilio</subfield>
  </datafield>
  <datafield tag="952" ind1=" " ind2=" ">
    <subfield code="0">0</subfield>
    <subfield code="1">0</subfield>
    <subfield code="2">udc</subfield>
    <subfield code="4">0</subfield>
    <subfield code="7">1</subfield>
    <subfield code="a">BPED</subfield>
    <subfield code="b">BPED</subfield>
    <subfield code="d">1971-11-17</subfield>
    <subfield code="l">0</subfield>
    <subfield code="o">D 982 L 54  t.5  ej.2</subfield>
    <subfield code="p">4456</subfield>
    <subfield code="r">2026-05-08 16:49:40</subfield>
    <subfield code="w">2026-05-08</subfield>
    <subfield code="y">BK</subfield>
    <subfield code="z">No se presta a domicilio</subfield>
  </datafield>
  <datafield tag="999" ind1=" " ind2=" ">
    <subfield code="c">32735</subfield>
    <subfield code="d">32735</subfield>
  </datafield>
</record>
